Beste Premier League Torschützen Arsenal London - Statistiken

Allgemein
  • Dieses Quiz wurde 352 mal gespielt
    155 seit der letzten Aktualisierung
  • Das Durchschnittsergebnis liegt bei 25 aus 34
Antwortstatistiken
Saison Nationalität Tore Spieler % Korrekt
2005/06 Frankreich 27 Thierry Henry
99%
2004/05 Frankreich 25 Thierry Henry
99%
2003/04 Frankreich 30 Thierry Henry
99%
2002/03 Frankreich 24 Thierry Henry
99%
2001/02 Frankreich 24 Thierry Henry
99%
2000/01 Frankreich 17 Thierry Henry
99%
1999/00 Frankreich 17 Thierry Henry
99%
2024/25 Deutschland 9 Kai Havertz
98%
2019/20 Gabun 22 Pierre-Emerick Aubameyang
97%
2018/19 Gabun 22 Pierre-Emerick Aubameyang
97%
2022/23 Norwegen 15 Martin Ødegaard
94%
2011/12 Niederlande 30 Robin van Persie
92%
2010/11 Niederlande 18 Robin van Persie
92%
2008/09 Niederlande 11 Robin van Persie
92%
2006/07 Niederlande 11 Robin van Persie
92%
2016/17 Chile 24 Alexis Sánchez
91%
2014/15 Chile 16 Alexis Sánchez
91%
2023/24 England 16 Bukayo Saka
87%
2021/22 England 11 Bukayo Saka
87%
2022/23 Brasilien 15 Gabriel Martinelli
81%
2015/16 Frankreich 16 Olivier Giroud
75%
2013/14 Frankreich 16 Olivier Giroud
75%
2020/21 Frankreich 13 Alexandre Lacazette
66%
2017/18 Frankreich 14 Alexandre Lacazette
66%
1997/98 Niederlande 16 Dennis Bergkamp
64%
2007/08 Togo 24 Emmanuel Adebayor
58%
2009/10 Spanien 15 Cesc Fàbregas
49%
2012/13 England 14 Theo Walcott
43%
1998/99 Frankreich 17 Nicolas Anelka
29%
1996/97 England 23 Ian Wright
26%
1995/96 England 15 Ian Wright
26%
1994/95 England 18 Ian Wright
26%
1993/94 England 23 Ian Wright
26%
1992/93 England 15 Ian Wright
26%
Keine übereinstimmenden Quizze gefunden
Verteilung der Resultate
Anzahl Personen mit jedem Resultat
Perzentil nach korrekt beantworteten Fragen
Ihre Resultats-Entwicklung
Sie haben dieses Quiz seit der letzten Aktualisierung nicht gespielt